COBOL, a structured approach / (Record no. 541708)
[ view plain ]
| 000 -LEADER | |
|---|---|
| fixed length control field | 00630cam a2200193 a 4500 |
| 020 ## - INTERNATIONAL STANDARD BOOK NUMBER | |
| International Standard Book Number | 067508041X (pbk.) |
| 082 00 - DEWEY DECIMAL CLASSIFICATION NUMBER | |
| Classification number | 005.133 CO |
| Author Mark | RIC |
| -- | MCE-L02,P-96 |
| 100 1# - MAIN ENTRY--PERSONAL NAME | |
| Personal name | Richards, Thomas C. |
| 9 (RLIN) | 36722 |
| 245 10 - TITLE STATEMENT | |
| Title | COBOL, a structured approach / |
| Statement of responsibility, etc. | Thomas C. Richards, Robert S. Cheney. |
| 260 ## - PUBLICATION, DISTRIBUTION, ETC. | |
| Place of publication, distribution, etc. | Delhi : |
| Name of publisher, distributor, etc. | CBS. Co., |
| Date of publication, distribution, etc. | c1981. |
| 300 ## - PHYSICAL DESCRIPTION | |
| Extent | x, 395 p. : |
| Other physical details | ill. ; |
| Dimensions | 26 cm. |
| 500 ## - GENERAL NOTE | |
| General note | Includes index. |
| 526 ## - STUDY PROGRAM INFORMATION NOTE | |
| Program name | 0 |
| Interest level | 0 |
| Reading level | 0 |
| Title point value | 005_133000000000000_CO_RIC |
| 650 #0 - SUBJECT ADDED ENTRY--TOPICAL TERM | |
| Topical term or geographic name entry element | COBOL (Computer program language) |
| 9 (RLIN) | 36723 |
| 650 #0 - SUBJECT ADDED ENTRY--TOPICAL TERM | |
| Topical term or geographic name entry element | MCE |
| 9 (RLIN) | 379 |
| 650 #0 - SUBJECT ADDED ENTRY--TOPICAL TERM | |
| Topical term or geographic name entry element | Structured programming. |
| 9 (RLIN) | 3675 |
| 700 1# - ADDED ENTRY--PERSONAL NAME | |
| Personal name | Cheney, Robert S. |
| 9 (RLIN) | 36724 |
| 942 ## - ADDED ENTRY ELEMENTS (KOHA) | |
| Source of classification or shelving scheme | |
| Koha item type | Book |
| Withdrawn status | Lost status | Source of classification or shelving scheme | Damaged status | Not for loan | Permanent Location | Current Location | Date acquired | Total Checkouts | Full call number | Barcode | Date last seen | Price effective from | Koha item type |
|---|---|---|---|---|---|---|---|---|---|---|---|---|---|
| Military College of Engineering (MCE) | Military College of Engineering (MCE) | 08/22/2013 | 005.133 CO RIC | MCE-24330 | 08/22/2013 | 08/22/2013 | Book |
